[Event "COL-ch (Women)"]
[Site "Cali"]
[Date "2021.09.17"]
[Round "7"]
[White "Pachon Gutierrez, Adriana Paola"]
[Black "Salcedo, Jackeline"]
[Result "1/2-1/2"]
[WhiteElo "1994"]
[BlackElo "2020"]
[PlyCount "109"]
[EventDate "2021.09.14"]
[EventType "tourn"]
[EventRounds "11"]
[EventCountry "COL"]
[SourceTitle "CBM 204 Extra"]
[Source "ChessBase"]
[SourceDate "2021.11.30"]
[SourceVersion "1"]
[SourceVersionDate "2021.11.30"]
[SourceQuality "1"]

1. e4 c5 2. Nf3 e6 3. Nc3 a6 4. d4 cxd4 5. Nxd4 Qc7 6. a3 Nc6 7. Be3 Nf6 8. Be2 Be7 9. 0-0 0-0 10. f4 d6 11. Nxc6 bxc6 12. Qe1 d5 13. exd5 cxd5 14. Qf2 Rb8 15. Bd4 Nd7 16. b4 Bf6 17. Bd3 Bb7 18. Na4 Bxd4 19. Qxd4 Bc6 20. Nc3 Bb5 21. Nxb5 axb5 22. a4 bxa4 23. Rxa4 Qb6 24. Qxb6 Nxb6 25. Ra7 Rfc8 26. Rb1 g6 27. Kf2 Ra8 28. Rba1 f6 29. Rxa8 Rxa8 30. Ra5 Kf7 31. Ba6 Ra7 32. Ke3 Ke7 33. g4 Kd6 34. Bd3 Ra8 35. g5 fxg5 36. fxg5 e5 37. Rxa8 Nxa8 38. c4 Nc7 39. h4 Ne6 40. cxd5 Kxd5 41. Bb1 Nf4 42. Ba2+ Kd6 43. Bg8 Ng2+ 44. Ke4 Nxh4 45. Bxh7 Kc6 46. Bg8 Kb5 47. Bd5 Kxb4 48. Kxe5 Kc3 49. Be4 Kc4 50. Kf4 Kd4 51. Bb1 Ng2+ 52. Kf3 Ke5 53. Kg4 Nf4 54. Ba2 Ne6 55. Kf3 1/2-1/2

[Event "COL-ch (Women)"]
[Site "Cali"]
[Date "2021.09.16"]
[Round "4"]
[White "Salcedo, Jackeline"]
[Black "Montilla Reyes, Jorcerys"]
[Result "1/2-1/2"]
[WhiteElo "2020"]
[BlackElo "2119"]
[PlyCount "70"]
[EventDate "2021.09.14"]
[EventType "tourn"]
[EventRounds "11"]
[EventCountry "COL"]
[SourceTitle "CBM 204 Extra"]
[Source "ChessBase"]
[SourceDate "2021.11.30"]
[SourceVersion "1"]
[SourceVersionDate "2021.11.30"]
[SourceQuality "1"]

1. d4 d5 2. c4 dxc4 3. Nf3 Nf6 4. Nc3 a6 5. e3 e6 6. Bxc4 b5 7. Bb3 Bb7 8. 0-0 c5 9. e4 cxd4 10. Nxd4 Bc5 11. Be3 Qb6 12. e5 Nfd7 13. Qg4 Nc6 14. Nxe6 fxe6 15. Qxe6+ Ne7 16. Qf7+ Kd8 17. Rad1 Bxe3 18. Rd6 Qc5 19. Rfd1 Bxf2+ 20. Qxf2 Qxf2+ 21. Kxf2 Rf8+ 22. Kg1 Bc6 23. e6 Ra7 24. exd7 Rf6 25. Rxf6 gxf6 26. Be6 b4 27. Ne2 Bxd7 28. Nf4 Ke8 29. Bxd7+ Rxd7 30. Rxd7 Kxd7 31. Kf2 Kd6 32. Kf3 f5 33. Ke3 Kc5 34. Kd3 a5 35. Ne6+ Kd5 1/2-1/2

[Event "COL-ch sf (Women)"]
[Site "Santa Rosa"]
[Date "2021.08.14"]
[Round "5"]
[White "Rodriguez Rueda, Paula Andrea"]
[Black "Salcedo, Jackeline"]
[Result "1-0"]
[WhiteElo "2257"]
[BlackElo "2020"]
[PlyCount "173"]
[EventDate "2021.08.12"]
[EventType "swiss"]
[EventRounds "9"]
[EventCountry "COL"]
[SourceTitle "CBM 204 Extra"]
[Source "ChessBase"]
[SourceDate "2021.11.30"]
[SourceVersion "1"]
[SourceVersionDate "2021.11.30"]
[SourceQuality "1"]

1. d4 Nf6 2. Nf3 c5 3. e3 cxd4 4. exd4 d5 5. c4 e6 6. Nc3 Be7 7. Bd3 dxc4 8. Bxc4 0-0 9. 0-0 Nc6 10. Bg5 h6 11. Be3 Nb4 12. Rc1 b6 13. Ne5 Bb7 14. Re1 Rc8 15. Qe2 Nbd5 16. Nxd5 Nxd5 17. Qg4 Nxe3 18. fxe3 Bd5 19. Bb5 Bb4 20. Rxc8 Qxc8 21. Rf1 a6 22. Bd3 f5 23. Qe2 b5 24. Ng6 Rf6 25. Nf4 Bxa2 26. b3 Bxb3 27. Rb1 Qc3 28. Qb2 Qd2 29. Qxb3 Qxe3+ 30. Kh1 Qxf4 31. Qxb4 Rg6 32. Be2 Kh7 33. Bf3 e5 34. dxe5 Qxb4 35. Rxb4 Re6 36. g4 Rxe5 37. gxf5 a5 38. Rb1 b4 39. Bc6 Kg8 40. Bd7 Kf8 41. Kg2 Ke7 42. Bc8 g6 43. fxg6 Rg5+ 44. Kf3 Rxg6 45. h4 Rc6 46. Bf5 Rc3+ 47. Ke4 Rc4+ 48. Ke5 Rc5+ 49. Kf4 Kf6 50. Be4 Rh5 51. Kg4 Re5 52. Rf1+ Ke6 53. Bf5+ Kd5 54. Kh5 b3 55. Kxh6 a4 56. Bg6 b2 57. h5 a3 58. Bf7+ Kd4 59. Kg6 Re2 60. h6 Rg2+ 61. Kh7 Rg3 62. Ba2 Kc3 63. Kh8 Kd2 64. Rf7 Kc2 65. Rc7+ Kd2 66. h7 Rg1 67. Rb7 Kc2 68. Rc7+ Kd2 69. Rd7+ Kc2 70. Rc7+ Kd2 71. Rd7+ Kc2 72. Ra7 Rg3 73. Rc7+ Kd2 74. Rg7 Rc3 75. Rg2+ Kc1 76. Rg1+ Kd2 77. Kg7 Rc7+ 78. Kg6 Rc6+ 79. Kh5 Rc3 80. Kh4 Rc8 81. Rg8 Rc4+ 82. Kh3 Rc3+ 83. Kh2 Rc1 84. Rg2+ Ke3 85. h8Q b1Q 86. Bxb1 Rxb1 87. Qc3+ 1-0

[Event "COL-ch sf (Women)"]
[Site "Santa Rosa"]
[Date "2021.08.12"]
[Round "1"]
[White "Sanchez Riobo, Emily Dainne"]
[Black "Salcedo, Jackeline"]
[Result "0-1"]
[WhiteElo "1368"]
[BlackElo "2020"]
[PlyCount "98"]
[EventDate "2021.08.12"]
[EventType "swiss"]
[EventRounds "9"]
[EventCountry "COL"]
[SourceTitle "CBM 204 Extra"]
[Source "ChessBase"]
[SourceDate "2021.11.30"]
[SourceVersion "1"]
[SourceVersionDate "2021.11.30"]
[SourceQuality "1"]

1. d4 c5 2. c3 Nf6 3. Nf3 b6 4. g3 Bb7 5. Bg2 g6 6. Bf4 Bg7 7. 0-0 0-0 8. Nbd2 d6 9. Qc2 Nh5 10. e3 Nd7 11. g4 Nxf4 12. exf4 cxd4 13. cxd4 Rc8 14. Qd3 Nf6 15. h3 Nd5 16. f5 Nb4 17. Qb3 Nc2 18. Rac1 Bxf3 19. Rxc2 Bxg2 20. Kxg2 Rxc2 21. Qxc2 Qa8+ 22. f3 Bxd4 23. Re1 Qb7 24. b3 Rc8 25. Qd3 Bc3 26. Re2 Bg7 27. fxg6 hxg6 28. Ne4 d5 29. Ng5 Bf6 30. h4 Qc6 31. Kg3 Qd6+ 32. Kg2 Rc1 33. Qd2 Qc5 34. Kg3 Rg1+ 35. Kh2 Rc1 36. Kg3 Qg1+ 37. Rg2 Qe1+ 38. Qxe1 Rxe1 39. Rc2 Re5 40. Nh3 Re3 41. Rc8+ Kg7 42. Ra8 a5 43. Rc8 Re2 44. Rc6 d4 45. Rxb6 d3 46. Rb7 d2 47. Rd7 Bc3 48. Nf2 Be5+ 49. Kg2 Bd6 0-1